PMP Project Management Professional. (Record no. 18731)

MARC details
000 -LEADER
fixed length control field 00916cam a22002654a 4500
005 - DATE AND TIME OF LATEST TRANSACTION
control field 20230613103325.0
008 - FIXED-LENGTH DATA ELEMENTS--GENERAL INFORMATION
fixed length control field 101123s2010 caua 001 0 eng d
010 ## - LIBRARY OF CONGRESS CONTROL NUMBER
LC control number 2010484411
015 ## - NATIONAL BIBLIOGRAPHY NUMBER
National bibliography number GBB077812
Source bnb
016 7# - NATIONAL BIBLIOGRAPHIC AGENCY CONTROL NUMBER
Record control number 015588572
Source Uk
020 ## - INTERNATIONAL STANDARD BOOK NUMBER
ISBN 9780071744263 (pbk.)
035 ## - SYSTEM CONTROL NUMBER
System control number (OCoLC)ocn606789527
040 ## - CATALOGING SOURCE
Original cataloging agency UKM
Transcribing agency UKM
Modifying agency BTCTA
-- YDXCP
-- DLC
042 ## - AUTHENTICATION CODE
Authentication code lccopycat
082 04 - DEWEY DECIMAL CLASSIFICATION NUMBER
Classification number 658.404
Edition number 22
Item number PHI-P
100 1# - MAIN ENTRY--AUTHOR
Author Name Phillips, Joseph.
245 10 - TITLE STATEMENT
Title PMP Project Management Professional.
Name of part/section of a work Lab manual /
Statement of responsibility, etc. Joseph Phillips.
260 ## - PUBLICATION, DISTRIBUTION, ETC.
Place of Publication Berkeley, Calif. :
Name of publisher, distributor, etc. Osborne/McGraw-Hill ;
Place of Publication London :
Name of publisher, distributor, etc. McGraw-Hill [distributor],
Date of publication, distribution, etc. 2010.
300 ## - PHYSICAL DESCRIPTION
Pages xxix, 448 p. :
500 ## - GENERAL NOTE
General note Includes index.
650 #0 - SUBJECT ADDED ENTRY--TOPICAL TERM
Subject / Department Project management
General subdivision Examinations
Form subdivision Study guides.
300 ## - PHYSICAL DESCRIPTION
-- ill. ;
-- 24 cm.
906 ## - LOCAL DATA ELEMENT F, LDF (RLIN)
a 7
b cbc
c copycat
d 2
e ncip
f 20
g y-gencatlg
952 ## - LOCATION AND ITEM INFORMATION (KOHA)
-- 0
-- 0
952 ## - LOCATION AND ITEM INFORMATION (KOHA)
-- 0
-- 0
Holdings
Lost status Damaged status Collection code Permanent Location Current Location Shelving Location Date acquired Full Call Number Accession No./Barcode Date last seen item type Koha item type
    CS/IT Superior Information Resource Center (SIRC) Superior University- Gold Campus Superior Information Resource Center (SIRC) Superior University- Gold Campus Project management 06/13/2023 658.404 PHI-P 2010 19311 07/19/2024 BOOK BOOK
    CS/IT Superior Information Resource Center (SIRC) Superior University- Gold Campus Superior Information Resource Center (SIRC) Superior University- Gold Campus Project Management 07/13/2023 658.404 PHI-P 2010 19426 03/22/2024 BOOK BOOK

Powered by Koha